[Event "BCF-chT3E 2223 (4NCL)"]
[Site "England"]
[Date "2023.02.12"]
[Round "6.16"]
[White "Tart, Peter K"]
[Black "Judkins, Brian"]
[Result "1-0"]
[WhiteElo "1856"]
[BlackElo "1793"]
[PlyCount "49"]
[EventDate "2022.11.05"]
[EventType "team-tourn"]
[EventRounds "11"]
[EventCountry "ENG"]
[SourceTitle "EXT 2024"]
[Source "ChessBase"]
[SourceDate "2023.10.10"]
[SourceVersion "1"]
[SourceVersionDate "2023.10.10"]
[SourceQuality "1"]
[WhiteTeam "Crowthorne"]
[BlackTeam "Poisoned Pawns"]
[WhiteTeamCountry "ENG"]
[BlackTeamCountry "ENG"]

1. e4 e5 2. Nf3 Nf6 3. d4 Nxe4 4. Bd3 d5 5. Nxe5 Be7 6. 0-0 0-0 7. Re1 Nf6 8. Bg5 h6 9. Bh4 Be6 10. Nd2 Nbd7 11. Ng6 Re8 12. Nxe7+ Qxe7 13. f4 g6 14. c3 Nf8 15. f5 gxf5 16. Bxf5 Ng6 17. Bg3 Qd7 18. Rxe6 fxe6 19. Bxg6 Rf8 20. Nf3 Ne4 21. Be5 Nf6 22. Qd2 Qg7 23. Nh4 c6 24. Rf1 Rad8 25. Qf4 1-0

[Event "BCF-chT4S 1920 (4NCL)"]
[Site "England"]
[Date "2020.02.09"]
[Round "6.104"]
[White "Hill, Maurice J"]
[Black "Judkins, Brian"]
[Result "1/2-1/2"]
[WhiteElo "1825"]
[BlackElo "1720"]
[PlyCount "72"]
[EventDate "2019.11.09"]
[EventType "team-swiss"]
[EventRounds "11"]
[EventCountry "ENG"]
[SourceTitle "EXT 2022"]
[Source "ChessBase"]
[SourceDate "2021.10.06"]
[SourceVersion "1"]
[SourceVersionDate "2021.10.06"]
[SourceQuality "1"]
[WhiteTeam "Ashfield II"]
[BlackTeam "Poisoned Pawns Next Generation"]
[WhiteTeamCountry "ENG"]
[BlackTeamCountry "ENG"]

1. g3 e5 2. Bg2 Nf6 3. c4 g6 4. Nc3 Bg7 5. e4 0-0 6. Nge2 d6 7. 0-0 Nc6 8. d3 Ne8 9. Nd5 f5 10. exf5 Bxf5 11. h3 Rb8 12. b4 Nf6 13. b5 Ne7 14. Nxf6+ Bxf6 15. Bh6 Bg7 16. Bxg7 Kxg7 17. d4 c5 18. dxc5 dxc5 19. Nc3 b6 20. Qxd8 Rfxd8 21. Rfd1 Rd4 22. Rxd4 exd4 23. Ne4 Rd8 24. Nd2 Nc8 25. Re1 Kf7 26. g4 Bd3 27. Re5 Nd6 28. Bd5+ Kf8 29. f4 Re8 30. Kf2 Rxe5 31. fxe5 Nf7 32. Nf3 h6 33. h4 Ke7 34. Kg3 Nd8 35. Ne1 Bb1 36. a3 Ne6 1/2-1/2

[Event "BCF-chT4S 1617 (4NCL)"]
[Site "England"]
[Date "2017.04.29"]
[Round "9.45"]
[White "Judkins, Brian"]
[Black "Davidson, Laura"]
[Result "1/2-1/2"]
[WhiteElo "1777"]
[BlackElo "1553"]
[PlyCount "56"]
[EventDate "2016.11.26"]
[EventType "team-swiss"]
[EventRounds "11"]
[EventCountry "ENG"]
[SourceTitle "EXT 2019"]
[Source "ChessBase"]
[SourceDate "2018.10.10"]
[SourceVersion "1"]
[SourceVersionDate "2018.10.10"]
[SourceQuality "1"]
[WhiteTeam "Poisoned Pawns II"]
[BlackTeam "Wood Green II"]
[WhiteTeamCountry "ENG"]
[BlackTeamCountry "ENG"]

1. e4 e5 2. Nf3 Nc6 3. d4 exd4 4. c3 d5 5. exd5 Qxd5 6. cxd4 Bg4 7. Be2 0-0-0 8. Nc3 Qd7 9. Be3 Nf6 10. h3 Bh5 11. Rc1 h6 12. Qa4 Qe7 13. a3 Kb8 14. g4 Bg6 15. b4 Qe6 16. b5 Ne7 17. d5 Nexd5 18. Qxa7+ Kc8 19. Qa8+ Kd7 20. Qxb7 Bxa3 21. Nxd5 Nxd5 22. Qc6+ Qxc6 23. bxc6+ Ke7 24. Bc5+ Bxc5 25. Rxc5 Nb4 26. Rc3 Rhe8 27. 0-0 Kf8 28. Bb5 Rd5 1/2-1/2

[Event "BCF-chT4S 1617 (4NCL)"]
[Site "England"]
[Date "2017.02.12"]
[Round "6.85"]
[White "Balakrishnan, Kathirvel"]
[Black "Judkins, Brian"]
[Result "1/2-1/2"]
[WhiteElo "1556"]
[BlackElo "1801"]
[PlyCount "62"]
[EventDate "2016.11.26"]
[EventType "team-swiss"]
[EventRounds "11"]
[EventCountry "ENG"]
[SourceTitle "EXT 2019"]
[Source "ChessBase"]
[SourceDate "2018.10.10"]
[SourceVersion "1"]
[SourceVersionDate "2018.10.10"]
[SourceQuality "1"]
[WhiteTeam "Iceni II"]
[BlackTeam "Poisoned Pawns II"]
[WhiteTeamCountry "ENG"]
[BlackTeamCountry "ENG"]

1. d4 Nf6 2. Nf3 g6 3. e3 Bg7 4. Bd3 0-0 5. Nbd2 d6 6. h3 Nbd7 7. 0-0 e5 8. c3 Qe7 9. Qc2 Ne8 10. e4 c6 11. dxe5 Nxe5 12. Nxe5 dxe5 13. Kh2 Nc7 14. Re1 Ne6 15. g3 Qf6 16. Nc4 Ng5 17. Bxg5 Qxg5 18. Qc1 Qf6 19. Qe3 Rd8 20. Rad1 Be6 21. b3 b6 22. Nb2 Bf8 23. Kg2 Bc5 24. Qe2 h5 25. Nc4 b5 26. Ne3 Kg7 27. Bc2 Rxd1 28. Rxd1 Rd8 29. Rxd8 Qxd8 30. Qd1 Qxd1 31. Nxd1 Kf6 1/2-1/2

[Event "BCF-chT4S 1617 (4NCL)"]
[Site "England"]
[Date "2016.11.26"]
[Round "1.85"]
[White "Henbest, Kevin B"]
[Black "Judkins, Brian"]
[Result "0-1"]
[WhiteElo "1673"]
[BlackElo "1797"]
[PlyCount "120"]
[EventDate "2016.11.26"]
[EventType "team-swiss"]
[EventRounds "11"]
[EventCountry "ENG"]
[SourceTitle "EXT 2019"]
[Source "ChessBase"]
[SourceDate "2018.10.10"]
[SourceVersion "1"]
[SourceVersionDate "2018.10.10"]
[SourceQuality "1"]
[WhiteTeam "Oxford III"]
[BlackTeam "Poisoned Pawns II"]
[WhiteTeamCountry "ENG"]
[BlackTeamCountry "ENG"]

1. e4 e5 2. Nf3 Nf6 3. Nxe5 d6 4. Nf3 Nxe4 5. d4 d5 6. Be2 Nc6 7. 0-0 Be7 8. Nbd2 Nxd2 9. Bxd2 Bg4 10. Bf4 0-0 11. Qd2 Re8 12. Rfe1 Bd6 13. a3 Ne7 14. Ne5 Bxe2 15. Rxe2 f6 16. Nd3 Nf5 17. Rxe8+ Qxe8 18. Re1 Qd7 19. Nc5 Bxc5 20. dxc5 c6 21. c4 Rd8 22. cxd5 Qxd5 23. Rd1 Qxd2 24. Rxd2 Rxd2 25. Bxd2 Kf7 26. Kf1 Ke6 27. Ke2 Kd5 28. b4 Kc4 29. a4 Ne7 30. b5 cxb5 31. axb5 Kxb5 32. Kd3 a6 33. Kd4 Kc6 34. g4 Ng6 35. Be3 Ne5 36. h3 Nd7 37. Kc4 b6 38. cxb6 Nxb6+ 39. Kd4 Kb5 40. g5 fxg5 41. Bxg5 a5 42. Be7 Kc6 43. Ke5 Kd7 44. Bf8 Nc4+ 45. Kd4 Nd6 46. Kd5 Nf5 47. Ke5 g6 48. Kf6 a4 49. Ba3 Ke8 50. Ke6 Nd4+ 51. Kf6 Nc2 52. Bc5 a3 53. Bxa3 Nxa3 54. Kg7 Nb5 55. Kxh7 Kf7 56. Kh6 Kf6 57. h4 Nd6 58. f4 Nf5+ 59. Kh7 Nxh4 60. Kh6 Kf5 0-1

[Event "BCF-chT3Sd 1516 (4NCL)"]
[Site "England"]
[Date "2016.05.01"]
[Round "10.99"]
[White "Terry, Sean"]
[Black "Judkins, Brian"]
[Result "1-0"]
[WhiteElo "1905"]
[BlackElo "1861"]
[PlyCount "83"]
[EventDate "2016.03.20"]
[EventType "team-swiss"]
[EventRounds "11"]
[EventCountry "ENG"]
[SourceTitle "EXT 2017"]
[Source "ChessBase"]
[SourceDate "2016.10.25"]
[SourceVersion "1"]
[SourceVersionDate "2016.10.25"]
[SourceQuality "1"]
[WhiteTeam "Oxford II"]
[BlackTeam "Poisoned Pawns"]
[WhiteTeamCountry "ENG"]
[BlackTeamCountry "ENG"]

1. e4 e5 2. Nf3 Nf6 3. d3 Nc6 4. c3 d5 5. Qc2 Be7 6. Be2 0-0 7. 0-0 h6 8. Nbd2 Be6 9. Re1 dxe4 10. dxe4 Bd6 11. Nc4 Qe7 12. b4 a6 13. a3 Rfd8 14. Bb2 Nh7 15. Ne3 Ng5 16. Nd5 Nxf3+ 17. Bxf3 Qf8 18. Rad1 Ne7 19. c4 c6 20. c5 cxd5 21. exd5 Bf5 22. Qc4 Bb8 23. d6 Nc6 24. Bxc6 bxc6 25. Rxe5 Be6 26. Qd4 Bd5 27. Rd3 Ra7 28. Rg3 f6 29. Ree3 Kh8 30. Rg6 Rad7 31. Qh4 Kh7 32. Rgg3 Re8 33. Qg4 Rxe3 34. Qg6+ Kg8 35. fxe3 Kh8 36. Qf5 Qf7 37. e4 Be6 38. Qf4 Bc4 39. h3 Be6 40. e5 fxe5 41. Qxe5 Qg8 42. Rg6 1-0

[Event "BCF-chT3 1213 (4NCL)"]
[Site "England"]
[Date "2013.05.06"]
[Round "11.140"]
[White "Judkins, Brian"]
[Black "Pearson, Raymond"]
[Result "1/2-1/2"]
[WhiteElo "1854"]
[BlackElo "1926"]
[PlyCount "36"]
[EventDate "2012.11.03"]
[EventType "team-swiss"]
[EventRounds "11"]
[EventCountry "ENG"]
[SourceTitle "EXT 2014"]
[Source "ChessBase"]
[SourceDate "2013.11.20"]
[SourceVersion "1"]
[SourceVersionDate "2013.11.20"]
[SourceQuality "1"]
[WhiteTeam "e2e4.org.uk III"]
[BlackTeam "Holmes Chapel"]
[WhiteTeamCountry "ENG"]
[BlackTeamCountry "ENG"]

1. e4 c5 2. Nf3 d6 3. d4 cxd4 4. Nxd4 Nf6 5. Nc3 g6 6. Be3 Bg7 7. f3 0-0 8. Qd2 Nc6 9. 0-0-0 Bd7 10. h4 h5 11. Kb1 Qb8 12. Bh6 Bxh6 13. Qxh6 Nxd4 14. Rxd4 b5 15. Be2 Rc8 16. Nd5 Nxd5 17. Rxd5 Rc5 18. Rxc5 dxc5 1/2-1/2

[Event "BCF-chT3S 1213 (4NCL)"]
[Site "England"]
[Date "2012.11.03"]
[Round "2.97"]
[White "Stille, Alexander"]
[Black "Judkins, Brian"]
[Result "1-0"]
[WhiteElo "2071"]
[BlackElo "1854"]
[PlyCount "49"]
[EventDate "2012.11.03"]
[EventType "team-swiss"]
[EventRounds "6"]
[EventCountry "ENG"]
[SourceTitle "EXT 2014"]
[Source "ChessBase"]
[SourceDate "2013.11.20"]
[SourceVersion "1"]
[SourceVersionDate "2013.11.20"]
[SourceQuality "1"]
[WhiteTeam "BCM Rhinos II"]
[BlackTeam "e2e4.org.uk III"]
[WhiteTeamCountry "ENG"]
[BlackTeamCountry "ENG"]

1. d4 Nf6 2. c4 g6 3. Nc3 Bg7 4. e4 d6 5. Bd3 0-0 6. Nge2 e5 7. d5 Nbd7 8. 0-0 a5 9. Bg5 Nc5 10. Bc2 b6 11. a3 h6 12. Be3 Ne8 13. b4 axb4 14. axb4 Rxa1 15. Qxa1 Nd7 16. Qa8 f5 17. exf5 gxf5 18. f4 e4 19. Nb5 Bf6 20. Ned4 Bxd4 21. Nxd4 Ng7 22. Nc6 Qe8 23. Qa7 Nf6 24. Qxc7 Rf7 25. Qxd6 1-0

[Event "BCF-chT2 1011 (4NCL)"]
[Site "England"]
[Date "2011.05.01"]
[Round "10.85"]
[White "Adams, Philip"]
[Black "Judkins, Brian"]
[Result "1-0"]
[WhiteElo "2122"]
[BlackElo "1890"]
[PlyCount "143"]
[EventDate "2010.11.06"]
[EventType "team-swiss"]
[EventRounds "11"]
[EventCountry "ENG"]
[SourceTitle "EXT 2012"]
[Source "ChessBase"]
[SourceDate "2011.11.24"]
[SourceVersion "1"]
[SourceVersionDate "2011.11.24"]
[SourceQuality "1"]
[WhiteTeam "3CS Oldham"]
[BlackTeam "Poisoned Pawns II"]
[WhiteTeamCountry "ENG"]
[BlackTeamCountry "ENG"]

1. c4 Nf6 2. g3 g6 3. Bg2 Bg7 4. Nc3 c5 5. Nf3 Nc6 6. d4 cxd4 7. Nxd4 0-0 8. 0-0 Nxd4 9. Qxd4 d6 10. Qd3 a6 11. Bd2 Rb8 12. Rac1 Be6 13. b3 Qd7 14. a4 Bh3 15. e4 Bxg2 16. Kxg2 Rfd8 17. Rfd1 Rbc8 18. f3 b6 19. Bg5 Rb8 20. Qe3 Qb7 21. Rc2 Rdc8 22. g4 Re8 23. Nd5 Nxd5 24. Rxd5 Qc6 25. Rc1 Qc7 26. Bf4 Qb7 27. h4 Rbc8 28. h5 Rc5 29. hxg6 hxg6 30. Bh6 Rxd5 31. Bxg7 Kxg7 32. cxd5 b5 33. Qc3+ f6 34. g5 bxa4 35. bxa4 Rb8 36. gxf6+ exf6 37. Qc7+ Kg8 38. Qxb7 Rxb7 39. Rc6 Rb2+ 40. Kg3 Ra2 41. Rxa6 Kf7 42. Ra7+ Kf8 43. a5 Ra1 44. a6 Ra2 45. f4 Ra3+ 46. Kg4 Ra1 47. Kf3 Ra3+ 48. Ke2 Ra2+ 49. Ke3 Ra3+ 50. Kd2 Ra4 51. Kd3 Ra3+ 52. Kc4 g5 53. fxg5 fxg5 54. Kb5 g4 55. Rd7 g3 56. Rxd6 g2 57. Rg6 Ra2 58. a7 Rxa7 59. Rxg2 Ra1 60. Kc6 Ke7 61. d6+ Ke6 62. Rd2 Rc1+ 63. Kb5 Rb1+ 64. Kc4 Rc1+ 65. Kb3 Rb1+ 66. Kc2 Rb7 67. e5 Kd7 68. Kc3 Ke6 69. Kc4 Rd7 70. Kc5 Kxe5 71. Re2+ Kf6 72. Kc6 1-0

[Event "BCF-chT2b 0910 (4NCL)"]
[Site "England"]
[Date "2010.03.27"]
[Round "7.6"]
[White "Judkins, Brian"]
[Black "Johnson, Mike J"]
[Result "1/2-1/2"]
[WhiteElo "1858"]
[BlackElo "1858"]
[PlyCount "46"]
[EventDate "2009.10.24"]
[EventType "team-tourn"]
[EventRounds "11"]
[EventCountry "ENG"]
[SourceTitle "EXT 2010"]
[Source "ChessBase"]
[SourceDate "2010.11.25"]
[SourceVersion "1"]
[SourceVersionDate "2010.11.25"]
[SourceQuality "1"]
[WhiteTeam "Poisoned Pawns II"]
[BlackTeam "Guildford III"]
[WhiteTeamCountry "ENG"]
[BlackTeamCountry "ENG"]

1. e4 e5 2. Nf3 Nc6 3. d4 exd4 4. c3 dxc3 5. Nxc3 Bb4 6. Bc4 Bxc3+ 7. bxc3 d6 8. 0-0 Nf6 9. Ba3 Ng4 10. Bb5 a6 11. Bxc6+ bxc6 12. h3 Nh6 13. e5 c5 14. exd6 cxd6 15. Re1+ Be6 16. Qa4+ Qd7 17. Qe4 0-0 18. Rad1 Qc7 19. Bc1 d5 20. Qh4 Nf5 21. Qh5 g6 22. Qg5 Qd8 23. Qf4 Qb8 1/2-1/2

[Event "BCF-chT3 0809 (4NCL)"]
[Site "Hinckley Island"]
[Date "2009.05.03"]
[Round "10.6"]
[White "Jones, Christopher M"]
[Black "Judkins, Brian"]
[Result "1-0"]
[WhiteElo "1950"]
[BlackElo "1895"]
[PlyCount "115"]
[EventDate "2008.10.18"]
[EventType "team-swiss"]
[EventRounds "11"]
[EventCountry "ENG"]
[SourceTitle "EXT 2010"]
[Source "ChessBase"]
[SourceDate "2010.11.25"]
[SourceVersion "1"]
[SourceVersionDate "2010.11.25"]
[SourceQuality "1"]
[WhiteTeam "Leicester"]
[BlackTeam "Poisoned Pawns II"]
[WhiteTeamCountry "ENG"]
[BlackTeamCountry "ENG"]

1. d4 Nf6 2. Nf3 c5 3. e3 e6 4. Bd3 Nc6 5. b3 Be7 6. 0-0 b6 7. a3 Bb7 8. Bb2 d6 9. c4 Qc7 10. Nc3 a6 11. d5 Nd8 12. e4 e5 13. Ne2 Bc8 14. Nd2 Bd7 15. b4 Rb8 16. bxc5 bxc5 17. Bc3 0-0 18. Bc2 Nb7 19. Ba4 Rfc8 20. Ng3 g6 21. Bxd7 Qxd7 22. Rb1 Ne8 23. Qc2 Bd8 24. f4 f6 25. Rf3 Ng7 26. fxe5 fxe5 27. Rbf1 Be7 28. R1f2 Rf8 29. Rxf8+ Rxf8 30. Rxf8+ Kxf8 31. Nf3 Bd8 32. Bd2 Kg8 33. Nf1 Nh5 34. Ng5 Ng7 35. Qb3 Bxg5 36. Bxg5 Qc7 37. Bd2 Nd8 38. Qa4 Qb7 39. Ba5 Nf7 40. Qc6 Qb8 41. Qxa6 Nh5 42. Qb5 Qc8 43. Qb3 Nf4 44. Ng3 Kg7 45. Bd2 Ng5 46. h4 Nf7 47. a4 Qd8 48. a5 Qa8 49. Qc3 Kg8 50. Bxf4 exf4 51. Ne2 Ne5 52. Nxf4 Qb7 53. Qa1 Nxc4 54. a6 Qa7 55. Qa4 Ne5 56. Qe8+ Kg7 57. Ne6+ Kf6 58. Qh8+ 1-0

[Event "BCF-chT4 0708 (4NCL)"]
[Site "England"]
[Date "2008.02.09"]
[Round "5.6"]
[White "Judkins, Brian"]
[Black "Grant, David"]
[Result "0-1"]
[WhiteElo "1945"]
[BlackElo "1927"]
[PlyCount "62"]
[EventDate "2007.09.15"]
[EventType "team-swiss"]
[EventRounds "11"]
[EventCountry "ENG"]
[SourceTitle "EXT 2009"]
[Source "ChessBase"]
[SourceDate "2008.11.26"]
[SourceVersion "1"]
[SourceVersionDate "2008.11.26"]
[SourceQuality "1"]
[WhiteTeam "Poisoned Pawns II"]
[BlackTeam "Sussex Smart Controls"]
[WhiteTeamCountry "ENG"]
[BlackTeamCountry "ENG"]

1. e4 c5 2. Nf3 d6 3. d4 cxd4 4. Nxd4 Nf6 5. Nc3 g6 6. Be2 Bg7 7. Be3 Nc6 8. Nb3 Bd7 9. 0-0 0-0 10. f4 b5 11. a3 Qc8 12. Kh1 Rb8 13. Qd2 a5 14. Bd3 Qb7 15. h3 Rfc8 16. Rad1 Qa8 17. Rfe1 a4 18. Nd4 Na5 19. e5 dxe5 20. fxe5 Nh5 21. e6 fxe6 22. Bxb5 Bxb5 23. Ncxb5 Nc4 24. Qb4 Nxe3 25. Rxe3 Bxd4 26. Rxd4 Rxc2 27. Rg4 Nf6 28. Qxe7 Nxg4 29. Qxe6+ Kh8 30. Qxg4 Rxb5 31. Qd4+ Kg8 0-1